Kvalita života - vybrané problémy

Kvalita života, jej vnímanie, pohľad na ľudské zdroje vo vybraných krajinách EÚ a prístupy k hodnoteniu a vnímaniu kvality života prostredníctvom vybraných ukazovateľov. Ľudské zdroje patriace k najdôležitejším zdrojom vo svetovom hospodárstve.

Na minha lista:
Detalhes bibliográficos
Autor principal: Andrejovský, Pavol, 1975-
Outros Autores: Hajduová, Zuzana, 1974-, Lacko, Roman, 1988-
Formato: Capítulo de Livro
Idioma:eslovaco
Assuntos:
Tags: Adicionar Tag
Sem tags, seja o primeiro a adicionar uma tag!

MARC

LEADER 00000naa$a2200000$$$4500
001 0271294
005 20240502074251.1
041 0 |a slo 
044 |a SK 
245 1 0 |a Kvalita života - vybrané problémy  |c Pavol Andrejovský, Zuzana Hajduová, Roman Lacko 
520 |a Kvalita života, jej vnímanie, pohľad na ľudské zdroje vo vybraných krajinách EÚ a prístupy k hodnoteniu a vnímaniu kvality života prostredníctvom vybraných ukazovateľov. Ľudské zdroje patriace k najdôležitejším zdrojom vo svetovom hospodárstve. 
610 2 0 |a zdroje ľudské 
610 2 0 |a kvalita života 
610 2 0 |a zdravie 
610 2 0 |a koronavírus 
100 1 |a Andrejovský, Pavol, 1975- 
700 1 |a Hajduová, Zuzana, 1974- 
700 1 |a Lacko, Roman, 1988-